NATARAJAN'S TB. OF ORTHPAEDICS AND TRAUMATOLOGY (Record no. 23328)
[ view plain ]
| 000 -LEADER | |
|---|---|
| fixed length control field | 00441nam a22001697a 4500 |
| 003 - CONTROL NUMBER IDENTIFIER | |
| control field | SGT |
| 020 ## - INTERNATIONAL STANDARD BOOK NUMBER | |
| International Standard Book Number | 9789386691491 |
| 082 ## - DEWEY DECIMAL CLASSIFICATION NUMBER | |
| Classification number | 617.3 |
| Item number | N20N |
| 100 ## - MAIN ENTRY--PERSONAL NAME | |
| Personal name | NATARAJAN, MAYIL V. |
| 245 ## - TITLE STATEMENT | |
| Title | NATARAJAN'S TB. OF ORTHPAEDICS AND TRAUMATOLOGY |
| 250 ## - EDITION STATEMENT | |
| Edition statement | 8TH |
| 260 ## - PUBLICATION, DISTRIBUTION, ETC. (IMPRINT) | |
| Place of publication, distribution, etc | INDIA |
| Name of publisher, distributor, etc | WOLTERS KLUWER PUB |
| Year of Publication | 2020 |
| 300 ## - PAGE DESCRIPTION | |
| No. of Pages | 446 |
| 650 ## - SUBJECT ADDED ENTRY--TOPICAL TERM | |
| Topical term or geographic name as entry element | ORTHOPAEDICS |
| 653 ## - KEYWORDS--INDEX TERM | |
| Keyword term | NATARAJAN'S TB. OF ORTHPAEDICS AND TRAUMATOLOGY |
| 942 ## - ADDED ENTRY ELEMENTS (KOHA) | |
| Source of classification or shelving scheme | Dewey Decimal Classification |
| Koha item type | Books |
| 942 ## - ADDED ENTRY ELEMENTS (KOHA) | |
| -- | 22 |
| Withdrawn status | Lost status | Source of classification or shelving scheme | Damaged status | Not for loan | Collection code | Home library | Current library | Shelving location | Date acquired | Vendor Name | Cost, normal purchase price | SGTU | Bill Number | Total Checkouts | Full call number | Accession No. (Barcode) | Date last seen | Date last borrowed | Bill Date | Koha item type | Total Renewals | Checked out |
|---|---|---|---|---|---|---|---|---|---|---|---|---|---|---|---|---|---|---|---|---|---|---|
| Dewey Decimal Classification | MEDICAL | SGT Medical Library | SGT Medical Library | Reference Book | 13/09/2022 | ABC DELHI | 850.00 | SGTU | 14815 | 1 | 617.3 N20N | FM13329 | 20/06/2024 | 12/06/2024 | 27/07/2022 | Books | ||||||
| Dewey Decimal Classification | MEDICAL | SGT Medical Library | SGT Medical Library | Reference Book | 13/09/2022 | ABC DELHI | 850.00 | SGTU | 14815 | 5 | 617.3 N20N | FM13330 | 20/06/2024 | 10/06/2024 | 27/07/2022 | Books | 1 | |||||
| Dewey Decimal Classification | MEDICAL | SGT Medical Library | SGT Medical Library | Reference Book | 13/09/2022 | ABC DELHI | 850.00 | SGTU | 14815 | 1 | 617.3 N20N | FM13331 | 20/06/2024 | 10/06/2024 | 27/07/2022 | Books | ||||||
| Dewey Decimal Classification | MEDICAL | SGT Medical Library | SGT Medical Library | Reference Book | 13/09/2022 | ABC DELHI | 850.00 | SGTU | 14815 | 1 | 617.3 N20N | FM13332 | 17/05/2024 | 03/05/2024 | 27/07/2022 | Books | ||||||
| Dewey Decimal Classification | MEDICAL | SGT Medical Library | SGT Medical Library | Reference Book | 13/09/2022 | ABC DELHI | 850.00 | SGTU | 14815 | 16 | 617.3 N20N | FM13333 | 01/06/2026 | 01/06/2026 | 27/07/2022 | Books | 1 | 15/06/2026 | ||||
| Dewey Decimal Classification | MEDICAL | SGT Medical Library | SGT Medical Library | Reference Book | 13/09/2022 | ABC DELHI | 850.00 | SGTU | 14815 | 1 | 617.3 N20N | FM13334 | 22/05/2024 | 10/05/2024 | 27/07/2022 | Books |